000 01141nam a2200337 a 4500
001 20571
003 VRT
005 20260126134618.0
008 000101s1977 xo a 000 0 slo d
035 _aUKB000255375
039 9 _a201403171629
_bstasu
_c201403171417
_dstasu
_c200710230846
_dviera
040 _aBAA001
_bslo
_cBAA001
_eAACR2
041 1 _aslo
_hfre
044 _axo
_cSK
100 1 _aBédier, Joseph,
_d1864-1938
245 1 0 _aRomán o Tristanovi a Izolde
_cJoseph Bédier ; z franc. orig. prel. a dosl. nap. Mária Kosová ; verše prel. Valentín Beniak ; ilustr. Ján Meisner
250 _a3. vyd.
260 _aBratislava
_bSlovenský spisovateľ
_c1977
300 _a191 s.
700 1 _aKosová, Mária
_4trl
700 1 _aBeniak, Valentín
_4trl
700 1 _aMeisner, Ján
_4ill
910 _aukb
942 _2ddc
_cKLDO
_n0
949 _61800354324
_a24.D.36238
_bKD.1804-77
949 _6820941
_aS.D.61588
_bPV.820-77
949 _61800142989
_a24.D.36238
_bPV.819-77
949 _61800079361
_a24.D.36238
_bKD.1805-77
949 _61800144646
_a24.D.36238
_bKD.272-77
949 _61800151737
_a24.D.36238
_bKD.271-77
999 _c20571
_d20571